| 000 | 00964nam a2200253 a 4500 | ||
|---|---|---|---|
| 005 | 20241023063849.0 | ||
| 008 | 070322s2003 mx r 000 0 spa d | ||
| 020 | _a8432311448 | ||
| 035 | _aUPN01000149941 | ||
| 049 | _aCG | ||
| 050 | 4 |
_aQH365 D8 _bC3.2 |
|
| 100 | 1 | _aCastro Nogueira, Laureano | |
| 245 | 1 | 0 |
_aA la sombra de Darwin : _blas aproximaciones evolucionistas al comportamiento humano / _cLaureano Castro Nogueira, Carlos López-Fanjul de Argüelles, Miguel Angel Toro Ibáñez ; pról. Francisco J. Ayala. |
| 260 |
_aMadrid : _bSiglo XXI, _c2003. |
||
| 300 | _a212 p. | ||
| 440 | 0 | _aCiencia y técnica | |
| 600 | 1 | 4 |
_aDARWIN, CHARLES ROBERT, _d1809-1882 - _xCRITICA E INTERPRETACION _96971 |
| 650 | 2 |
_aEvolución (Biología) _912397 |
|
| 650 | 4 |
_aConducta (Psicología) _94460 |
|
| 650 | 4 |
_aDARWINISMO SOCIAL _97740 |
|
| 700 | 1 |
_aLópez-Fanjul de Argüelles, Carlos, _ecoaut. |
|
| 700 | 1 |
_aToro Ibáñez, Miguel Angel, _ecoaut. |
|
| 905 | _aLibro | ||
| 999 |
_c122082 _d122082 |
||